|
|
|
|
| LEADER |
01120nam a2200325 a 4500 |
| 001 |
000641286 |
| 003 |
CZ BrMZK |
| 005 |
20030124115253.0 |
| 007 |
ta |
| 008 |
021210s2002 xr f cze d |
| 015 |
|
|
|a cnb001192987
|
| 020 |
|
|
|a 80-245-0353-0
|
| 035 |
|
|
|a (OCoLC)53274519
|
| 040 |
|
|
|a BOA001
|b cze
|
| 080 |
|
|
|a (048.8)
|2 MRF
|
| 080 |
|
|
|a 364.668
|2 MRF
|
| 100 |
1 |
|
|a Kubíček, Jan
|7 ola2003167524
|4 aut
|
| 245 |
1 |
0 |
|a Efekt bohatství - základní východiska, metody a výsledky :
|b projekt: GAČR 402/02/1290A /
|c Jan Kubíček
|
| 260 |
|
|
|a Praha :
|b Oeconomica,
|c 2002
|
| 300 |
|
|
|a 29 s. ;
|c 21 cm
|
| 490 |
1 |
|
|a Pracovní text ;
|v č. 3
|
| 500 |
|
|
|a Vydavatel: Vysoká škola ekonomická v Praze
|
| 504 |
|
|
|a Obsahuje bibliografii
|
| 650 |
0 |
7 |
|a bohatství
|7 ph118947
|2 czenas
|
| 655 |
|
7 |
|a studie
|7 fd133597
|2 czenas
|
| 710 |
2 |
|
|a Vysoká škola ekonomická v Praze.
|b Katedra hospodářské politiky
|7 olak2003164533
|
| 830 |
|
0 |
|a Pracovní text
|
| 910 |
|
|
|a BOA001
|b 2-1111.036
|
| 990 |
|
|
|a BK
|
| 996 |
6 |
|
|b 2610177579
|c 2-1111.036
|l MZK
|r Sklad / do 1 hodiny
|n 2
|p p.v.
|w 000641286
|u 000010
|a 1
|e BOA001
|j MZK50
|s P
|